000 00577nam a22001697a 4500
003 OSt
005 20250310084416.0
008 250306t1968 |||a|||| |||| 000 | eng d
040 _cJMCFI - Learning Resource Center
082 _aF.P./G.Ed. 051 R286 1968 V4
245 _aReader's digest condensed books /
_cReader's Digest Association, Inc.
260 _aNew York :
_bReader's Digest Association, Inc.,
_c1968.
300 _a574 pages :
_bcolored, illus. ;
_c19 cm
650 _aCondensed books.
_915102
710 _aReader's Digest Association, Inc.
_915104
942 _2ddc
_cBK
_n0
999 _c5386
_d5386